02540 a2200193 4500001000500000005001700005008004100022003001500063040004000078080011600118245011500234020002200349264003400371300002800405505176200433041000802195100002602203856011702229189120260407155419.0260407a2010 arg spa dAR-UNSa-BCEJYS aAR-UNSa-BCEJYSbspacAR-UNSa-BCEJYS a658.012.432xDirección por un consejo de administración, por un consejo de dirección. Control corporativo10aGobierno corporativopdirección, administración y control de organizaciones en forma ética y responsable a978-987-01-1129-0 1aBuenos Aires :bErreparc2010 alxxxiv, 1130 p.c22 cm. a1. Aspectos del gobierno corporativo interrelacionados - 2. Gobierno corporativo para Pymes - 3. Fraude en los negocios - 4. El sistema de gestión para prevenir el fraude corporativo. Norma IRAM - 5. Controles internos y gestión de riesgos. Informes Coso - 6. Sistema de gestión de riesgos. Normas IRAM - 7. Tecnología de la información . Norma IRAM-ISO - 8. Códigos de conducta corporativa - 9. Sistema de responsabilidad social. Norma ISO - 10. Responsabilidad social corporativa para Pymes - 11. Memoria de los administradores - 12. Informes corporativos sobre sostenibilidad - 13. Comités de auditoría - 14. Sindicatura societaria - 15. Auditoría financiera de Pymes - 16. IFRS completos para empresas cotizantes - 17. El estándar internacional de información financiera simplificado para Pymes - 18. Contabilidad, documentación y libros según la ley de sociedades comerciales y el código de comercio - 19. Normas sobre presentación de estados financieros , documentación y registros contables . Inspección general de justicia - 20. Estados contables para entes comerciales , industriales y de servicios . Normas contables profesionales - 21. Sociedades extranjeras. Normas societarias - 22. Asociaciones civiles y fundaciones. Normas legales y profesionales - 23. Cooperativas. Normas legales y profesionales - 24. Lavado de activos de origen delictivo y financiamiento del terrorismo - 25. Ley Sarbanes-Oxley y su impacto en las empresas - 26. Auditoría forense - 27. El comercio electrónico (E-Commerce) - 28. Comunicaciones con los encargados del gobierno corporativo - 29. Normas de auditoría gubernamentales - 30. Normas mínimas de control interno para el buen gobierno corporativo en entidades del Estado aspa1 aCasal, Armando Miguel41uhttps://biblioeco.unsa.edu.ar/pmb/images/libros/Gobierno corporativo2-l118074.jpgyImagen de portadaqimage/jpeg